00776cam a22002411 4500001001300000003000400013005001700017008004100034010001700075035001900092040001800111042001200129050001700141082001000158110001800168245015200186260001800338300005100356504003100407650003900438700004000477999001700517sa 66005190 DLC20260227112248.0760908s1965 ii af bc 000 0 eng  asa 66005190  a(OCoLC)2417973 aDLCcNNUdDLC apremarc00aNB27.P45bA6 a732.42 aPatna Museum.10aPatna Museum catalogue of antiquities;bstone sculptures, metal images, terracottas and minor antiquities.cEditor: Parmeshwari Lal Gupta, curator. aPatna,c1965. aiv, iv, 367, lviii p.billus., plates.c26 cm. aBibliographical footnotes. 0aSculpturezIndiazPatnavCatalogs.1 aGupta, Parmeshwari Lal,d1914-2001. c69849d69849